000 00524nam a2200181Ia 4500
003 GCL
008 140319s9999 xx 000 0 ara d
040 _aGCL /
_cGCL
082 0 4 _a811.962
_bم ع
100 1 _aمحمد كشيك
245 1 0 _aالعشش القديمة شعر بالعامية المصرية /
_cمحمد كشيك
260 _a[S.N] :
_bدار المستقبل العربى ،
_c1986
300 _a108 ص
490 _a
650 0 4 _aالزجل
650 0 4 _aالشعر العامى
942 _2ddc
_cBK
999 _c32688
_d32688